會通與轉化 Christianity and Confucianism, an insight study {ch} / (Record no. 17756)
[ view plain ]
| 000 -LEADER | |
|---|---|
| fixed length control field | 00770nam a2200241 4500 |
| 005 - DATE AND TIME OF LATEST TRANSACTION | |
| control field | 20250805085730.0 |
| 008 - FIXED-LENGTH DATA ELEMENTS--GENERAL INFORMATION | |
| fixed length control field | 030705s1985 ch chi |
| 020 ## - INTERNATIONAL STANDARD BOOK NUMBER | |
| International Standard Book Number | 957969530X |
| 040 ## - CATALOGING SOURCE | |
| Original cataloging agency | BSOP |
| 090 ## - LOCALLY ASSIGNED LC-TYPE CALL NUMBER (OCLC); LOCAL CALL NUMBER (OCLC) | |
| Classification number (OCLC) (R) ; Classification number, CALL (RLIN) (NR) | BR128.C43 |
| Local cutter number (OCLC) ; Book number/undivided call number, CALL (RLIN) | T78c |
| -- | 1985 |
| 100 1# - MAIN ENTRY--PERSONAL NAME | |
| Personal name | 蔡仁厚、梁燕城、周聯華等/合著 Tsai, Ren Hou |
| 245 10 - TITLE STATEMENT | |
| Title | 會通與轉化 Christianity and Confucianism, an insight study {ch} / |
| 250 ## - EDITION STATEMENT | |
| Edition statement | 8th ed.-1994 |
| 260 ## - PUBLICATION, DISTRIBUTION, ETC. (IMPRINT) | |
| Place of publication, distribution, etc | Taipei : |
| Name of publisher, distributor, etc | 宇宙光 Cosmic Light, |
| Date of publication, distribution, etc | c1985. |
| 300 ## - PHYSICAL DESCRIPTION | |
| Extent | 350 p. |
| 490 1# - SERIES STATEMENT | |
| Series statement | Cosmic Light Series |
| 650 #4 - SUBJECT ADDED ENTRY--TOPICAL TERM | |
| Topical term or geographic name as entry element | Christianity and other religions |
| General subdivision | Confucianism {ch}. |
| 650 #4 - SUBJECT ADDED ENTRY--TOPICAL TERM | |
| Topical term or geographic name as entry element | Confucianism |
| General subdivision | Relations |
| -- | Christianity {ch}. |
| 951 ## - EQUIVALENCE OR CROSS-REFERENCE-GEOGRAPHIC NAME/AREA NAME [OBSOLETE] [CAN/MARC only] | |
| General subdivision | 00031299 |
| 700 1# - ADDED ENTRY--PERSONAL NAME | |
| Personal name | Leung, Yen Zhing. |
| 700 1# - ADDED ENTRY--PERSONAL NAME | |
| Personal name | Zhou, Lian Hoa. |
| 942 ## - ADDED ENTRY ELEMENTS (KOHA) | |
| Source of classification or shelving scheme | Library of Congress Classification |
| Withdrawn status | Lost status | Source of classification or shelving scheme | Damaged status | Not for loan | Home library | Current library | Shelving location | Date acquired | Inventory number | Shelving control number | Total Checkouts | Full call number | Barcode | Date last seen | Price effective from | Koha item type | Copy number |
|---|---|---|---|---|---|---|---|---|---|---|---|---|---|---|---|---|---|
| Library of Congress Classification | BSOP Library | BSOP Library | Chinese Books (General Circulation) | 12/21/2000 | C-4500 | 127 | BR128.C43 T78c 1985 | 00025217 | 02/23/2013 | 02/23/2013 | Books | ||||||
| Library of Congress Classification | BSOP Library | BSOP Library | Chinese Books (General Circulation) | 12/21/2000 | C-6080 | 127 | BR128.C43 T78c 1985 | 00031299 | 02/23/2013 | 02/23/2013 | Books | c.2 |
